Čo sa pre SZČO mení v sociálnom poistení od 1. januára 2014

Od 1. januára 2014 sa pre samostatne zárobkovo činné osoby zvyšuje minimálny, ako aj maximálny vymeriavací základ pre platenie poistného na sociálne poistenie. Súčasne tak vzrastie minimálna aj maximálna suma poistného, ktoré sú SZČO povinné platiť.

Na minha lista:
Detalhes bibliográficos
Autor principal: Neupauerová, Zuzana
Formato: Capítulo de Livro
Idioma:eslovaco
Assuntos:
Tags: Adicionar Tag
Sem tags, seja o primeiro a adicionar uma tag!

MARC

LEADER 00000nla a2200000 4500
001 0178570
005 20240502073032.6
041 0 |a slo 
044 |a SK 
245 1 0 |a Čo sa pre SZČO mení v sociálnom poistení od 1. januára 2014  |c Zuzana Neupauerová 
520 |a Od 1. januára 2014 sa pre samostatne zárobkovo činné osoby zvyšuje minimálny, ako aj maximálny vymeriavací základ pre platenie poistného na sociálne poistenie. Súčasne tak vzrastie minimálna aj maximálna suma poistného, ktoré sú SZČO povinné platiť. 
610 2 0 |a základ vymeriavací 
610 2 0 |a poistenie sociálne 
610 2 0 |a poistenie dôchodkové 
610 2 0 |a poistenie nemocenské 
610 2 0 |a osoby samostatne zárobkovo činné 
100 1 |a Neupauerová, Zuzana